000 00244nam a22001217a 4500
020 _a9780760072760
041 _aeng
080 _a62
090 _bADA
100 _aAdamski, Judy.
245 _aE-Course: Microsoft Windows 98.
999 _c282038
_d282038
942 _cBK